| 000 | 01498nam a2200181 4500 | ||
|---|---|---|---|
| 001 | 225 | ||
| 005 | 20230411085952.0 | ||
| 008 | 060907n19uu dr spa | ||
| 035 | _9funglode226 | ||
| 041 | _aES | ||
| 100 | _aDíaz A., Estrella | ||
| 245 | 1 |
_aImpactos del modelo exportador en los trabajadores y el medio ambiente : _bAnálisis de los sectores frutícola y pesquero / _cEstrella Díaz A |
|
| 260 |
_a[s.l.] : _bUniversidad ARCIS, _c[s.f.] |
||
| 300 | _a80 p. | ||
| 504 | _aBibliografía p. 67-70 | ||
| 520 | _aPrincipales cambios introducidos en el sector desde 1973, 1. -- Importancia y evolución económica del sector (Indicadores de crecimiento), 10. -- Impactos medioambientales producidos por la expansión frutícola, 13. -- Impactos de la expansión frutícola en las condiciones laborales de los trabajadores del sector, 20. -- La expansión frutícola y su relación con la seguridad alimantaria de la población, 27. -- Principales cambios introducidos en el sector desde 1973, 35. -- Especificidades productivas del sector pesquero, 37. -- Importancia y evolución del sector pesquero (Indicadores de crecimiento económico), 38. -- Impactos medioambientales producidos por la expansión del sector pesquero, 43. -- Impactos de la expansión pesquera en las condiciones laborales de los trabajadores del sector, 50. -- La lógica exportadora pesquera y el consumo nacional, 57. -- Conclusiones en torno a la sustentabilidad del modelo, 61. -- | ||
| 942 |
_2lcc _cbk |
||
| 999 |
_c110181 _d110181 |
||